000 00532nam a2200193Ia 4500
005 20250507130252.0
008 008 250505s9999 xx 000 0 eng d
037 _aSeries Article
040 _aEASL
_beng
_cEASL
041 _aeng
_2eng
084 _qEASL
100 _aPant Harsh V
245 0 _aGreat power politics in East Asia:the US and China in compietition
260 _aIndia
_bNew delhi Sage Publications
_c2012
300 _a237-252
650 _aChina
942 _cSRA
999 _c1318675
_d1318675